| 000 | 00525nam a2200193Ia 4500 | ||
|---|---|---|---|
| 003 | LK-CoDNM | ||
| 005 | 20240823121031.0 | ||
| 008 | 010623t xxu||||| |||| 00| 1 eng d | ||
| 040 |
_aLK-CoDNM _dLK-CoDNM _eLK-CoDNM |
||
| 041 | _aeng | ||
| 080 |
_a7 _bJ25 |
||
| 100 | _aSastri,H.Krishna. | ||
| 245 | _aEpigraphia Indica : And Record of the Archaeological Survey of India 1925-26 | ||
| 300 | _bX, 398P. : 45ill ; 27 cm | ||
| 650 | _aIndian History | ||
| 650 | _aInscriptions | ||
| 700 | _aSastri,Hirananda | ||
| 942 | _cBK | ||
| 999 |
_c134326 _d134326 |
||